| 000 | 00380cam a22001337a 4500 | ||
|---|---|---|---|
| 008 | 180718b1965 xxu||||| |||| 00| 0 eng d | ||
| 082 | _aB124x43 Z17 | ||
| 100 | _aZapf, Wolfgang | ||
| 245 |
_aWandlungen der deutschen elite _cby Wolfgang Zapf |
||
| 260 |
_aVerlag Munchen _bR.Piper _c1965 |
||
| 300 | _a260p | ||
| 650 | _aElite (Social sciences) | ||
| 650 | _aSocial classes -Germany | ||
| 999 |
_c417567 _d417567 |
||